[Event "Polanica Zdroj op 59th"]
[Site "Polanica Zdroj"]
[Date "2023.08.26"]
[Round "8"]
[White "Wesolek, Krzysztof"]
[Black "Bleuzen, Cedric"]
[Result "1/2-1/2"]
[WhiteElo "1921"]
[BlackElo "2057"]
[PlyCount "28"]
[EventDate "2023.08.19"]
[EventType "swiss"]
[EventRounds "9"]
[EventCountry "POL"]
[SourceTitle "CBM 215 Extra"]
[Source "ChessBase"]
[SourceDate "2023.09.30"]
[SourceVersion "1"]
[SourceVersionDate "2023.09.30"]
[SourceQuality "1"]

1. e4 e5 2. Nf3 Nc6 3. Bc4 Nf6 4. d4 exd4 5. e5 d5 6. Bb5 Nd7 7. 0-0 Be7 8. Re1 0-0 9. Bxc6 bxc6 10. Nxd4 Nb8 11. f4 c5 12. Nf3 f5 13. c3 Be6 14. Be3 Nc6 1/2-1/2

[Event "FRA-ch Railways-B"]
[Site "Soulac sur Mer"]
[Date "2015.05.26"]
[Round "4"]
[White "Simon, Laurent"]
[Black "Bleuzen, Cedric"]
[Result "1/2-1/2"]
[WhiteElo "1987"]
[BlackElo "2039"]
[PlyCount "44"]
[EventDate "2015.05.26"]
[EventType "swiss"]
[EventRounds "7"]
[EventCountry "FRA"]
[SourceTitle "EXT 2016"]
[Source "ChessBase"]
[SourceDate "2015.10.08"]
[SourceVersion "1"]
[SourceVersionDate "2015.10.08"]
[SourceQuality "1"]

1. e4 e6 2. Nf3 d5 3. e5 c5 4. b4 c4 5. c3 Ne7 6. d3 cxd3 7. Bxd3 Qc7 8. 0-0 Nbc6 9. Re1 Ng6 10. Qe2 Bd7 11. h4 f5 12. exf6 gxf6 13. a4 Bd6 14. Na3 a6 15. b5 Nce5 16. Bd2 0-0 17. Nxe5 Nxe5 18. Bxh7+ Kxh7 19. Qh5+ Kg8 20. Rxe5 Bxe5 21. Qg6+ Kh8 22. Qh6+ Kg8 1/2-1/2

[Event "France Railways-ch"]
[Site "Montdidier"]
[Date "2014.09.01"]
[Round "1"]
[White "Fernandez, Fabrice"]
[Black "Bleuzen, Cedric"]
[Result "1-0"]
[WhiteElo "1956"]
[BlackElo "2014"]
[PlyCount "65"]
[EventDate "2014.09.??"]
[EventType "swiss"]
[EventRounds "5"]
[EventCountry "FRA"]
[SourceTitle "EXT 2015"]
[Source "ChessBase"]
[SourceDate "2014.11.20"]
[SourceVersion "1"]
[SourceVersionDate "2014.11.20"]
[SourceQuality "1"]

1. e4 c5 2. c3 e6 3. Nf3 Nc6 4. d4 cxd4 5. Nxd4 Nf6 6. Nxc6 dxc6 7. Bd3 Ng4 8. Qe2 Qh4 9. Bf4 h5 10. e5 Bc5 11. Bg3 Qg5 12. Nd2 a5 13. Ne4 Qe7 14. h3 Nh6 15. Nd6+ Bxd6 16. exd6 Qg5 17. Qe4 Qd5 18. Qe2 Nf5 19. Bxf5 Qxf5 20. Rd1 Bd7 21. 0-0 f6 22. Rd3 Kf7 23. Rf3 Qb5 24. c4 Qc5 25. Rd1 Qb6 26. Rb3 Qa7 27. Bf4 c5 28. Ra3 h4 29. Rf3 Rh5 30. Re1 Rah8 31. Rb3 Qa6 32. Qe4 Qc6 33. Rxb7 1-0

[Event "Split op 2nd"]
[Site "Split"]
[Date "2012.08.14"]
[Round "4"]
[White "Dragomirescu, Calin"]
[Black "Bleuzen, Cedric"]
[Result "1-0"]
[WhiteElo "2196"]
[BlackElo "1986"]
[PlyCount "39"]
[EventDate "2012.08.11"]
[EventType "swiss"]
[EventRounds "9"]
[EventCountry "CRO"]
[SourceTitle "CBM 149 Extra"]
[Source "ChessBase"]
[SourceDate "2012.08.24"]
[SourceVersion "1"]
[SourceVersionDate "2012.08.24"]
[SourceQuality "1"]

1. d4 e6 2. c4 c5 3. d5 exd5 4. cxd5 d6 5. Nc3 Nf6 6. g3 g6 7. Bg2 Bg7 8. Nf3 0-0 9. 0-0 Re8 10. Bf4 Nh5 11. Bg5 f6 12. Bd2 f5 13. Ng5 Bf6 14. Ne6 Qe7 15. Rc1 Na6 16. Re1 Nc7 17. e4 Nxe6 18. exf5 Nd4 19. Rxe7 Rxe7 20. g4 1-0

[Event "Split op 2nd"]
[Site "Split"]
[Date "2012.08.12"]
[Round "2"]
[White "Biliskov, Vjekoslav"]
[Black "Bleuzen, Cedric"]
[Result "1-0"]
[WhiteElo "2335"]
[BlackElo "1986"]
[PlyCount "77"]
[EventDate "2012.08.11"]
[EventType "swiss"]
[EventRounds "9"]
[EventCountry "CRO"]
[SourceTitle "CBM 149 Extra"]
[Source "ChessBase"]
[SourceDate "2012.08.24"]
[SourceVersion "1"]
[SourceVersionDate "2012.08.24"]
[SourceQuality "1"]

1. e4 e6 2. d3 d5 3. Qe2 Nf6 4. Nf3 Be7 5. g3 c5 6. Bg2 Nc6 7. 0-0 Qc7 8. e5 Nd7 9. Re1 h6 10. c4 d4 11. h4 b6 12. Nbd2 Bb7 13. Nf1 0-0-0 14. N1h2 Rdg8 15. Ng4 Nf8 16. h5 Bd8 17. a3 a5 18. Bd2 a4 19. Qd1 f5 20. exf6 gxf6 21. Ngh2 e5 22. Qxa4 Ne6 23. Bh3 Kd7 24. Nh4 Be7 25. Ng6 Rh7 26. b4 Kd6 27. Qd1 Ncd8 28. bxc5+ bxc5 29. Bg2 Ng5 30. Bxg5 hxg5 31. Bxb7 Qxb7 32. Rb1 Qa8 33. Qg4 Nc6 34. Rb6 Bd8 35. Rb5 Qxa3 36. Qe4 Nb4 37. Nxe5 Re7 38. Nf7+ Kd7 39. Rb7+ 1-0

[Event "FRA-chT1 1011"]
[Site "France"]
[Date "2010.11.14"]
[Round "3.7"]
[White "Zaninetti, Laurent"]
[Black "Bleuzen, Cedric"]
[Result "0-1"]
[WhiteElo "1984"]
[BlackElo "2046"]
[PlyCount "112"]
[EventDate "2010.10.17"]
[EventType "team-tourn"]
[EventRounds "11"]
[EventCountry "FRA"]
[SourceTitle "EXT 2012"]
[Source "ChessBase"]
[SourceDate "2011.11.24"]
[SourceVersion "1"]
[SourceVersionDate "2011.11.24"]
[SourceQuality "1"]

1. c4 g6 2. g3 Bg7 3. Bg2 c5 4. Nc3 Nc6 5. a3 e5 6. e3 Nge7 7. Nge2 d6 8. d3 Be6 9. Nd5 0-0 10. 0-0 Qd7 11. Rb1 Rad8 12. Nec3 f5 13. b4 Nc8 14. bxc5 dxc5 15. Qb3 b6 16. Rd1 Na5 17. Qc2 Kh8 18. Bb2 Qf7 19. f4 e4 20. dxe4 Nxc4 21. e5 Ne7 22. e4 Rd7 23. Qe2 Nxb2 24. Rxb2 Rfd8 25. Nxe7 Rxd1+ 26. Nxd1 Qxe7 27. Rd2 fxe4 28. Bxe4 c4 29. a4 Qc5+ 30. Kg2 Rd4 31. Qe3 Rxd2+ 32. Qxd2 Bf8 33. Qd8 Qe7 34. Qa8 Kg7 35. Ne3 Qd7 36. Bd5 Bh3+ 37. Kf3 Qxa4 38. Qb7+ Qd7 39. Qa6 Bc5 40. Qxc4 a5 41. e6 Qe7 42. g4 Qh4 43. Qc3+ Qf6 44. Qd3 h5 45. gxh5 gxh5 46. Qb3 Qd4 47. e7 Bxe7 48. Be6 Bxe6 49. Qxe6 Qf6 50. Qc8 Kf7 51. Nd5 Qg6 52. Qd7 Qg4+ 53. Qxg4 hxg4+ 54. Ke4 Bc5 55. f5 a4 56. Kd3 Bg1 0-1

[Event "FRA-chT1 1011"]
[Site "France"]
[Date "2010.11.13"]
[Round "2.5"]
[White "Bleuzen, Cedric"]
[Black "Macon, Arthur"]
[Result "0-1"]
[WhiteElo "2046"]
[BlackElo "1981"]
[PlyCount "54"]
[EventDate "2010.10.17"]
[EventType "team-tourn"]
[EventRounds "11"]
[EventCountry "FRA"]
[SourceTitle "EXT 2012"]
[Source "ChessBase"]
[SourceDate "2011.11.24"]
[SourceVersion "1"]
[SourceVersionDate "2011.11.24"]
[SourceQuality "1"]

1. c4 Nf6 2. g3 e6 3. Bg2 d5 4. cxd5 exd5 5. d4 c6 6. Nf3 Bd6 7. Nc3 0-0 8. 0-0 Re8 9. Ng5 Bf5 10. Qb3 Qb6 11. Qxb6 axb6 12. Bd2 Nbd7 13. Rfc1 h6 14. Nf3 b5 15. e3 Nb6 16. Be1 Ra7 17. a3 Nc4 18. a4 b4 19. Nd1 Na5 20. Nd2 Ne4 21. Bxe4 Bxe4 22. b3 Bg6 23. f3 Be7 24. Bf2 Raa8 25. Kf1 Rac8 26. Ke2 Bf6 27. Kf1 c5 0-1

[Event "FRA-chT2 0910"]
[Site "France"]
[Date "2009.10.18"]
[Round "3.4"]
[White "Blanche, Paul"]
[Black "Bleuzen, Cedric"]
[Result "1/2-1/2"]
[WhiteElo "2120"]
[BlackElo "2054"]
[PlyCount "123"]
[EventDate "2009.09.27"]
[EventType "team-tourn"]
[EventRounds "11"]
[EventCountry "FRA"]
[SourceTitle "EXT 2011"]
[Source "ChessBase"]
[SourceDate "2010.11.26"]
[SourceVersion "1"]
[SourceVersionDate "2010.11.26"]
[SourceQuality "1"]

1. d4 e6 2. c4 f5 3. g3 Nf6 4. Bg2 d5 5. Nf3 Ne4 6. 0-0 Nd7 7. Nfd2 Ndf6 8. f3 Nxd2 9. Nxd2 c5 10. dxc5 Bxc5+ 11. Kh1 0-0 12. Nb3 Bb6 13. c5 Bc7 14. f4 Ne4 15. Be3 Rf6 16. Nd2 Qe8 17. Nxe4 fxe4 18. Bd4 Rh6 19. e3 Qg6 20. Kg1 Bd7 21. Rf2 Rf8 22. Bf1 Kh8 23. Qd2 Qh5 24. Be2 Qh3 25. Qc3 Rg6 26. Be5 Bd8 27. b4 h5 28. Bf1 Qf5 29. b5 Bf6 30. Rc1 h4 31. Rg2 hxg3 32. hxg3 Rh6 33. Bxf6 gxf6 34. c6 bxc6 35. bxc6 Bc8 36. c7 Rg8 37. Rcc2 Rh3 38. Kf2 e5 39. Ke1 Rhxg3 40. Rh2+ Kg7 41. Qc5 Rf8 42. Rcg2 exf4 43. exf4 Qxf4 44. Qe7+ Rf7 45. Rh7+ Kxh7 46. Qxf7+ Kh6 47. Rh2+ Bh3 48. Rxh3+ Rxh3 49. Qf8+ Kh7 50. Bxh3 Qe3+ 51. Kd1 Qd3+ 52. Kc1 Qc3+ 53. Kb1 Qd3+ 54. Kb2 Qd2+ 55. Kb3 Qd3+ 56. Kb4 Qc4+ 57. Ka3 Qa6+ 58. Kb4 Qc4+ 59. Ka3 Qa6+ 60. Kb2 Qe2+ 61. Kc1 Qc4+ 62. Kb2 1/2-1/2

[Event "FRA-chT2 0910"]
[Site "France"]
[Date "2009.10.17"]
[Round "2.5"]
[White "Bleuzen, Cedric"]
[Black "Barbet, Loic"]
[Result "0-1"]
[WhiteElo "2054"]
[BlackElo "2086"]
[PlyCount "84"]
[EventDate "2009.09.27"]
[EventType "team-tourn"]
[EventRounds "11"]
[EventCountry "FRA"]
[SourceTitle "EXT 2011"]
[Source "ChessBase"]
[SourceDate "2010.11.26"]
[SourceVersion "1"]
[SourceVersionDate "2010.11.26"]
[SourceQuality "1"]

1. d4 e6 2. c4 Nf6 3. Nc3 Bb4 4. Qb3 c5 5. a3 Qa5 6. dxc5 Bxc3+ 7. bxc3 Na6 8. f3 Nxc5 9. Qb4 Qc7 10. e4 a5 11. Qb2 Ra6 12. Be3 d6 13. Rb1 0-0 14. Nh3 e5 15. Nf2 Nfd7 16. Be2 Nb6 17. 0-0 Be6 18. Qb5 Nba4 19. Bxc5 Nxc5 20. Nd3 Bd7 21. Qb2 Rb8 22. Rfd1 Nxd3 23. Bxd3 Be6 24. Qb5 Rc6 25. Kf2 b6 26. Rd2 Rc5 27. Qb3 Bxc4 28. Bxc4 Rxc4 29. Rxd6 Rxc3 30. Qd5 Rc2+ 31. Kg3 Qe7 32. h4 g5 33. h5 g4 34. f4 Rbc8 35. Rb3 exf4+ 36. Kxf4 R2c5 37. Qd3 Qe5+ 38. Kxg4 Qxh5+ 39. Kf4 Qe5+ 40. Kg4 Qg5+ 41. Kf3 h5 42. Kf2 Qf4+ 0-1

[Event "Hennebont Grand Prix"]
[Site "Hennebont"]
[Date "2006.08.06"]
[Round "6"]
[White "Jolly, Jean Francois"]
[Black "Bleuzen, Cedric"]
[Result "0-1"]
[WhiteElo "2266"]
[BlackElo "2021"]
[PlyCount "113"]
[EventDate "2006.08.05"]
[EventType "swiss"]
[EventRounds "7"]
[EventCountry "FRA"]
[SourceTitle "EXT 2007"]
[Source "ChessBase"]
[SourceDate "2006.11.23"]
[SourceVersion "1"]
[SourceVersionDate "2006.11.23"]
[SourceQuality "1"]

1. e4 e6 2. d4 d5 3. e5 c5 4. c3 Nc6 5. Nf3 Qb6 6. a3 Bd7 7. b4 cxd4 8. cxd4 a6 9. Be2 Nge7 10. Bb2 Na7 11. Nc3 a5 12. b5 Nec8 13. Qb3 Qd8 14. 0-0 Nb6 15. a4 Rc8 16. Nd2 Bb4 17. Rac1 0-0 18. f4 f6 19. Ncb1 Qe7 20. exf6 gxf6 21. Rce1 Kh8 22. Bd3 Qd6 23. Re3 Rf7 24. Kh1 Rg8 25. Ba1 Nac8 26. Qd1 Kg7 27. Rh3 Rh8 28. Bc2 Kf8 29. Rh6 Ne7 30. g4 Ke8 31. Qe2 Ng8 32. Rh5 Ne7 33. Qf2 Qc7 34. Rc1 Qd6 35. Qg3 Kd8 36. Nf3 Nc4 37. Bb3 Nb6 38. Nbd2 Rg8 39. Rg1 Ng6 40. f5 Qxg3 41. hxg3 exf5 42. gxf5 Ne7 43. g4 Rfg7 44. Rh4 Bxf5 45. gxf5 Rxg1+ 46. Nxg1 Bxd2 47. Rxh7 Rg3 48. Bd1 Ra3 49. Rh2 Nc4 50. Bb2 Nxb2 51. Rxd2 Nxd1 52. Rxd1 Rxa4 53. Ne2 Nxf5 54. Rf1 Nd6 55. Rxf6 Nxb5 56. Rb6 Ra1+ 57. Kg2 0-1

[Event "FRA-chT2A 0506"]
[Site "France"]
[Date "2006.02.05"]
[Round "7.8"]
[White "Huisman, Hugues"]
[Black "Bleuzen, Cedric"]
[Result "0-1"]
[WhiteElo "2062"]
[BlackElo "1995"]
[PlyCount "98"]
[EventDate "2005.10.27"]
[EventType "team-tourn"]
[EventRounds "11"]
[EventCountry "FRA"]
[SourceTitle "EXT 2006"]
[Source "ChessBase"]
[SourceDate "2005.11.24"]
[SourceVersion "1"]
[SourceVersionDate "2005.11.24"]
[SourceQuality "1"]
[WhiteTeam "Saint Lo"]
[BlackTeam "Rennes Paul Bert"]
[WhiteTeamCountry "FRA"]
[BlackTeamCountry "FRA"]

1. e4 e6 2. d4 d5 3. e5 c5 4. c3 Nc6 5. Be3 Qb6 6. Qd2 Nge7 7. Nf3 Nf5 8. Bd3 cxd4 9. cxd4 Nb4 10. Be2 Bd7 11. Nc3 Be7 12. 0-0 0-0 13. a3 Nc6 14. Bd3 Nxe3 15. fxe3 Na5 16. Qe2 Rac8 17. Rab1 a6 18. e4 Nb3 19. exd5 Nxd4 20. Nxd4 Qxd4+ 21. Kh1 exd5 22. Rbd1 Bg4 23. Qd2 Qxe5 24. Rde1 Qg5 25. Qf2 Be6 26. Qe2 Bxa3 27. Ne4 dxe4 28. Qxe4 Qg6 29. Qf3 Qxd3 30. Qxd3 Bxb2 31. Qf3 Rc6 32. Rb1 Bf6 33. Rxb7 Rc5 34. Qa3 Rc2 35. Qa5 Rfc8 36. Qa3 Bd5 37. Rb4 Bxg2+ 38. Kg1 Bxf1 39. Kxf1 Be7 40. Qb3 Bxb4 41. Qxb4 Rxh2 42. Qf4 Rhc2 43. Qb4 g6 44. Kg1 h5 45. Qa4 R8c6 46. Qd4 Ra2 47. Qd8+ Kh7 48. Qd1 Rcc2 49. Qb1 Rg2+ 0-1

[Event "FRA-chT2A 0506"]
[Site "France"]
[Date "2006.01.15"]
[Round "6.9"]
[White "Baldi, Audrey Jeanne"]
[Black "Bleuzen, Cedric"]
[Result "0-1"]
[WhiteElo "1860"]
[BlackElo "1995"]
[PlyCount "54"]
[EventDate "2005.10.27"]
[EventType "team-tourn"]
[EventRounds "11"]
[EventCountry "FRA"]
[SourceTitle "EXT 2006"]
[Source "ChessBase"]
[SourceDate "2005.11.24"]
[SourceVersion "1"]
[SourceVersionDate "2005.11.24"]
[SourceQuality "1"]
[WhiteTeam "Issy les Moulineaux"]
[BlackTeam "Rennes Paul Bert"]
[WhiteTeamCountry "FRA"]
[BlackTeamCountry "FRA"]

1. e4 e6 2. d4 d5 3. Nd2 Nf6 4. e5 Nfd7 5. Ngf3 c5 6. c3 Nc6 7. Bd3 cxd4 8. cxd4 f6 9. 0-0 f5 10. Nb3 g6 11. Be3 h6 12. Rc1 a6 13. Qe2 Qe7 14. a3 Qg7 15. Nbd2 g5 16. b4 f4 17. Rc3 fxe3 18. fxe3 Be7 19. b5 axb5 20. Bxb5 Rxa3 21. Rxa3 Bxa3 22. Ra1 Bb4 23. Ra8 0-0 24. Nf1 Qf7 25. h3 Be7 26. e4 Nxd4 27. Nxd4 Bc5 0-1

[Event "FRA-chT2A 0506"]
[Site "France"]
[Date "2005.11.20"]
[Round "3.6"]
[White "Le Gallo, Frederic"]
[Black "Bleuzen, Cedric"]
[Result "1/2-1/2"]
[WhiteElo "2017"]
[BlackElo "1995"]
[PlyCount "160"]
[EventDate "2005.10.27"]
[EventType "team-tourn"]
[EventRounds "11"]
[EventCountry "FRA"]
[SourceTitle "EXT 2006"]
[Source "ChessBase"]
[SourceDate "2005.11.24"]
[SourceVersion "1"]
[SourceVersionDate "2005.11.24"]
[SourceQuality "1"]
[WhiteTeam "Sautron"]
[BlackTeam "Rennes Paul Bert"]
[WhiteTeamCountry "FRA"]
[BlackTeamCountry "FRA"]

1. e4 e6 2. d4 d5 3. Nd2 Nf6 4. e5 Nfd7 5. Bd3 c5 6. c3 Nc6 7. Ne2 cxd4 8. cxd4 Be7 9. 0-0 Qb6 10. Nb3 a5 11. Be3 a4 12. Nd2 Qxb2 13. Nf4 Ndxe5 14. dxe5 Qxe5 15. Nf3 Qd6 16. Nh5 g6 17. Ng3 Bf6 18. Rc1 Bb2 19. Bc5 Qf4 20. Rc2 a3 21. Re1 Bd7 22. Bf1 Nb4 23. Bxb4 Qxb4 24. Qxd5 Qxe1 25. Qxb7 Qa5 26. Rc7 Rd8 27. Rxd7 Rxd7 28. Bb5 Qd8 29. Ne4 Ke7 30. Bxd7 Qxd7 31. Qb4+ Kd8 32. h4 Bg7 33. Nfg5 Be5 34. g3 h6 35. Qa5+ Bc7 36. Qa8+ Qc8 37. Nxf7+ Ke7 38. Qxa3+ Kxf7 39. Qf3+ Kg8 40. Qf6 Qe8 41. Qc3 Qe7 42. a4 e5 43. a5 Rh7 44. a6 Bb8 45. Qb3+ Rf7 46. Qxb8+ Kh7 47. Nd6 Rg7 48. Nb7 Qc7 49. a7 Qc1+ 50. Kg2 Qc6+ 51. Kg1 Qc1+ 52. Kg2 Qc6+ 53. Kg1 Rxb7 54. a8Q Rb1+ 55. Qxb1 Qxa8 56. h5 Qc6 57. Qxg6+ Qxg6 58. hxg6+ Kxg6 59. Kf1 Kf5 60. Ke2 Ke4 61. f3+ Kd4 62. g4 e4 63. f4 e3 64. f5 Ke5 65. Kxe3 h5 66. Kf3 hxg4+ 67. Kxg4 Kf6 68. Kf4 Kf7 69. Ke5 Ke7 70. f6+ Kf7 71. Kf5 Kf8 72. Ke4 Kf7 73. Ke5 Kf8 74. Kf5 Kf7 75. Kg5 Kf8 76. Kg6 Kg8 77. Kh6 Kf7 78. Kg5 Kf8 79. Kg6 Kg8 80. Kg5 Kf7 1/2-1/2